| 000 | 00843na a2200289 4500 | ||
|---|---|---|---|
| 001 | 15540 | ||
| 003 | MIRAKIL | ||
| 005 | 20181213154937.0 | ||
| 008 | 161019b tu 000 0 | ||
| 020 | _a9789944603973 | ||
| 035 | _a15540 | ||
| 040 |
_aMilas _btur _cTR-AnCHP |
||
| 041 | _aeng | ||
| 082 |
_a956.1015 _bN29o 2008 |
||
| 090 | _a956.1015 N29o 2008 | ||
| 100 | _aNazır, Bayram | ||
| 245 |
_aOttoman hospitality and its impact on europe _cBayram Nazır |
||
| 260 |
_aİstanbul _bITO _c2008 |
||
| 300 |
_a192 s. _bres. _c24 sm. |
||
| 650 |
_aMülteciler _xPolonya _yTarih |
||
| 650 |
_aMülteciler _xMacar _yTarih |
||
| 650 |
_aKonukseverlik _xTarih _zTürkiye |
||
| 651 |
_aTürkiye _xTarih _yOsmanlı İmparatorluğu |
||
| 651 |
_aTürkiye _xSosyal yaşam _yGelenekler |
||
| 710 | _aİstanbul Ticaret Odası | ||
| 942 |
_2ddc _cBKS |
||
| 999 |
_c3608 _d3608 |
||